Production and operations management : (Record no. 14452)

000 -LEADER
fixed length control field 00472pam a2200157 a 4500
020 ## - INTERNATIONAL STANDARD BOOK NUMBER
ISBN 007016987X
040 ## - CATALOGING SOURCE
Transcribing agency DLC
082 00 - DEWEY DECIMAL CLASSIFICATION NUMBER
Classification number 658 HIL 1993 A049 Or.
100 1# - MAIN ENTRY--AUTHOR NAME
Personal name Dilworth, James B.,
245 10 - TITLE STATEMENT
Title Production and operations management :
Remainder of title manufacturing and services /
250 ## - EDITION STATEMENT
Edition statement 5th ed.
260 ## - PUBLICATION, DISTRIBUTION, ETC. (IMPRINT)
Place of publication New York :
Name of publisher McGraw-Hill,
Year of publication c1993.
300 ## - PHYSICAL DESCRIPTION
Number of Pages xxviii, 742 p., [12] p. of plates :
Other physical details ill. (some col.) ;
Dimensions 27 cm.
650 #0 - SUBJECT ADDED ENTRY--TOPICAL TERM
Topical Term Production management.
942 ## - ADDED ENTRY ELEMENTS (KOHA)
Koha item type សៀវភៅភាសាអង់គ្លេស
952 ## - LOCATION AND ITEM INFORMATION (KOHA)
Withdrawn status [LOCAL, KOHA] 0
Holdings
Permanent Location Date acquired Koha item type Lost status Shelving location Barcode Current Location Full call number
Library Block A2017-10-17សៀវភៅភាសាអង់គ្លេស A049A13818Library Block A658 HIL 1993 A049 Or.
មជ្ឈមណ្ឌលឯការនៃសាកលវិទ្យាល័យភូមិន្ទកសិកម្មចំការដូង

Powered by Koha